[Event "NSV-MM 9900 RL"]
[Site "Niederrhein"]
[Date "1999.11.28"]
[Round "4"]
[White "Wicht, Juergen"]
[Black "Arts, Hans Josef"]
[Result "1-0"]
[WhiteElo "2135"]
[BlackElo "2040"]
[PlyCount "81"]
[EventDate "1999.09.26"]
[EventType "team"]
[EventRounds "1"]
[EventCountry "GER"]
[SourceTitle "EXT 2006"]
[Source "ChessBase"]
[SourceDate "2005.11.24"]
[SourceVersion "1"]
[SourceVersionDate "2005.11.24"]
[SourceQuality "1"]
[WhiteTeam "Solingen III"]
[BlackTeam "Uedemer"]
[WhiteTeamCountry "GER"]
[BlackTeamCountry "GER"]

1. d4 Nf6 2. c4 e6 3. Nf3 b6 4. g3 Bb7 5. Bg2 Bb4+ 6. Bd2 Be7 7. 0-0 0-0 8. Nc3 d6 9. Qc2 c5 10. dxc5 bxc5 11. Bg5 Nc6 12. Rfd1 a6 13. Bxf6 gxf6 14. Ne4 Nb4 15. Qb1 Qb6 16. a3 Bxe4 17. Qxe4 f5 18. Qf4 Nc6 19. e4 fxe4 20. Qxe4 Rad8 21. Bf1 Ne5 22. Nxe5 dxe5 23. Qxe5 f5 24. Rxd8 Rxd8 25. Re1 Kf7 26. Be2 Bf6 27. Bh5+ Kg7 28. Qxe6 Qxe6 29. Rxe6 Bxb2 30. Rxa6 Rd2 31. Kf1 f4 32. gxf4 Rd4 33. Be2 Rxf4 34. a4 h5 35. a5 Bc3 36. Ra7+ Kh6 37. a6 Rf8 38. Rb7 Be5 39. a7 Kg5 40. Bf3 Kf4 41. Bd5 1-0